Món : natura i societat : 3

Gespeichert in:
Bibliographische Detailangaben
Format: Buch
Sprache:Katalanisch
Erschienen: Barcelona : Vicens-Vives, 1980
Katalog:MANES:  Suchergebnis im Bibliothekskatalog
Schulbuchspezifische Eigenschaften:
Tags: Tag hinzufügen
Keine Tags, Fügen Sie den ersten Tag hinzu!
Hinzugefügt zu:19.06.2005
Geändert in:07.05.2025

MARC

LEADER 00000nam a2200000 a 4500
001 .b1778437
003 ES-BaCBU
005 20250507130141.0
008 050620s1980 spca ||l 001 ||cat|c
017 |a DL B. 1341-1980 
020 |a 8431617985 
035 |a 8431617985  |9 ES-BaUB001  |a 0883-89760  |9 ES-BaUB035 
040 |a ES-BaCBU  |b cat  |c ES-BaCBU  |d ES-BaUB 
245 0 0 |a Món :  |b natura i societat : 3 
260 |a Barcelona :  |b Vicens-Vives,  |c 1980 
300 |a 192 p.:  |b il. col.;  |c 26 cm 
504 |a índex 
546 |a España 
561 |5 es-CRAI  |3 p1 TX EGB 6/3 VIC  |a España. Biblioteca Universitat de Barcelona  |k MANES 
690 0 |a CN  |a CS 
691 0 |a PRI 
856 |y Registro en Cercabib - CRAI 
942 |2 ddc  |c BK 
999 |c 89990  |d 89990 
999 |c manes:89990  |d 89990